James Bond titles in Finnish translated back into English - Statistics

General Stats
  • This quiz has been taken 22 times
  • The average score is 8 of 12
Answer Stats
Translation Original % Correct
Diamonds Are Eternal Diamonds Are Forever
100%
Live and Let Others Die Live and Let Die
95%
Moon Rocket Moonraker
90%
007 and the Golden Gun The Man with the Golden Gun
90%
The Secret Agent in Istanbul From Russia with Love
75%
Ball Lightning Thunderball
75%
Death Can Wait Die Another Day
60%
007 and the Gaze of Death A View to a Kill
50%
Don't Refuse Twice Never Say Never Again
40%
007 on the Danger Zone The Living Daylights
30%
007 My Beloved The Spy Who Loved Me
30%
Top Secret For Your Eyes Only
25%
No matching quizzes found
Score Distribution
Percent of People with Each Score
Percentile by Number Answered
Your Score History
You have not taken this quiz